AGROFORESTRY FOR SOIL CONSERVATION (Record no. 14644)

MARC details
000 -LEADER
fixed length control field 00461nam a22001817a 4500
003 - CONTROL NUMBER IDENTIFIER
control field OSt
005 - DATE AND TIME OF LATEST TRANSACTION
control field 20211025111059.0
008 - FIXED-LENGTH DATA ELEMENTS--GENERAL INFORMATION
fixed length control field 211025b |||||||| |||| 00| 0 eng d
020 ## - INTERNATIONAL STANDARD BOOK NUMBER
International Standard Book Number 085198648 X
040 ## - CATALOGING SOURCE
Transcribing agency HAWASSA UNIVERSITY
050 ## - LIBRARY OF CONGRESS CALL NUMBER
Classification number 631.4913/YOU
Item number 6
082 ## - DEWEY DECIMAL CLASSIFICATION NUMBER
Classification number 631.4913/YOU
Item number 6
100 ## - MAIN ENTRY--PERSONAL NAME
Personal name YOUNG ANTH ONY
9 (RLIN) 15280
245 ## - TITLE STATEMENT
Title AGROFORESTRY FOR SOIL CONSERVATION
260 ## - PUBLICATION, DISTRIBUTION, ETC.
Name of publisher, distributor, etc. C.A.B. INTENATIONAL
Date of publication, distribution, etc. 1989
300 ## - PHYSICAL DESCRIPTION
Extent 276
942 ## - ADDED ENTRY ELEMENTS (KOHA)
Source of classification or shelving scheme Dewey Decimal Classification
Koha item type Books like text book referance book
Suppress in OPAC No
Holdings
Withdrawn status Lost status Source of classification or shelving scheme Damaged status Not for loan Home library Current library Date acquired Total Checkouts Full call number Barcode Date last seen Copy number Price effective from Koha item type
    Dewey Decimal Classification     College of Agriculture Library College of Agriculture Library 10/25/2021   631.4913/YOU ALIB0002126 10/25/2021 1 10/25/2021 Books like text book referance book
    Dewey Decimal Classification     College of Agriculture Library College of Agriculture Library 10/25/2021   631.4913/YOU ALIB0002127 10/25/2021 2 10/25/2021 Books like text book referance book
    Dewey Decimal Classification     College of Agriculture Library College of Agriculture Library 10/25/2021   631.4913/YOU ALIB0002128 10/25/2021 5 10/25/2021 Books like text book referance book
    Dewey Decimal Classification     College of Agriculture Library College of Agriculture Library 10/25/2021   631.4913/YOU ALIB0002129 10/25/2021 9 10/25/2021 Books like text book referance book
    Dewey Decimal Classification     College of Agriculture Library College of Agriculture Library 10/25/2021   631.4913/YOU ALIB0002130 10/25/2021 10 10/25/2021 Books like text book referance book
    Dewey Decimal Classification     College of Agriculture Library College of Agriculture Library 10/25/2021   631.4913/YOU ALIB0002131 10/25/2021 12 10/25/2021 Books like text book referance book
    Dewey Decimal Classification     College of Agriculture Library College of Agriculture Library 12/28/2021   631.4913/YOU ALIB0013701 12/28/2021 13 12/28/2021 Books like text book referance book
    Dewey Decimal Classification     College of Agriculture Library College of Agriculture Library 12/28/2021   631.4913/YOU ALIB0013710 12/28/2021 3 12/28/2021 Books like text book referance book
    Dewey Decimal Classification     College of Agriculture Library College of Agriculture Library 12/28/2021   631.4913/YOU ALIB0013702 12/28/2021 6 12/28/2021 Books like text book referance book
    Dewey Decimal Classification     College of Agriculture Library College of Agriculture Library 12/28/2021   631.4913/YOU ALIB0013703 12/28/2021 7 12/28/2021 Books like text book referance book
    Dewey Decimal Classification     College of Agriculture Library College of Agriculture Library 12/28/2021   631.4913/YOU ALIB0013711 12/28/2021 8 12/28/2021 Books like text book referance book
    Dewey Decimal Classification     College of Agriculture Library College of Agriculture Library 12/28/2021   631.4913/YOU ALIB0013712 12/28/2021 4 12/28/2021 Books like text book referance book